header

DECISION SUPPORT AND BUSINESS INTELLIGENCE SYSTEMS (Record no. 251132)

MARC details
000 -LEADER
fixed length control field 00300nam a22001097a 4500
020 ## - INTERNATIONAL STANDARD BOOK NUMBER
ISBN 9781292024264
100 ## - MAIN ENTRY--AUTHOR NAME
Personal name TURBAN EFRAIM,SHARDA RAMESH, DELEN DURSUN
245 ## - TITLE STATEMENT
Title DECISION SUPPORT AND BUSINESS INTELLIGENCE SYSTEMS
260 ## - PUBLICATION, DISTRIBUTION, ETC. (IMPRINT)
Place of publication USA
Name of publisher PEARSON EDUCATION LTD
Year of publication 2014
300 ## - PHYSICAL DESCRIPTION
Number of Pages 672
942 ## - ADDED ENTRY ELEMENTS (KOHA)
Koha item type Long Loan Books
Holdings
Withdrawn status Lost status Collection code Home library Current library Shelving location Date acquired Full call number Accession Number Koha item type
    Non-fiction Rongo University Library Rongo University Library General Stacks 10/11/2015 HD30.2 .D39 2014 20142491 Long Loan Books

© 2026 Rongo University
Contact us: librarian | system librarian | Rongo university